Normale Ansicht MARC-Ansicht ISBD

Archivum Panstwowego w Gorzowie Wielkopolskim : (Titelsatznr. 371651)

[ MARC ]
MARC-Details
000 -Satzkennung
Kontrollfeld mit fester Länge 00425nam a2200145 4500
008 - Feld mit fester Länge zur physischen Beschreibung - Allgemeine Angaben
Kontrollfeld mit fester Länge 220531b ||||| |||| 00| 0 eng d
040 ## - Katalogisierungsquelle
Original-Katalogisierungsstelle DE-2950
Übertragungsstelle DE-2950
041 ## - Sprachcode
Sprachcode des Textes/der Tonspur oder des separaten Titels pol
245 ## - Titel
Titel Archivum Panstwowego w Gorzowie Wielkopolskim :
Zusatz zum Titel w sieci archiwow panstwowych
260 ## - Publikation, Vertrieb usw. (Erscheinungsvermerk)
Erscheinungsort, Vertriebsort etc. Gorzow Wiwelkopolski:
Name des Verlags, des Vertriebs etc. Sonar,
Date of publication, distribution, etc 2021
300 ## - Physische Beschreibung
Umfang 120 S.:
Andere physische Details zahlr. Abb.
653 ## - Indexierungsterm - Nicht normiert
Nicht-normierter Term Gorzow Wielkoposki
653 ## - Indexierungsterm - Nicht normiert
Nicht-normierter Term Archiv
942 ## - Zusätzliche Felder (Koha)
Klassifikation oder Aufstellungssystematik Andere/Generische Klassifikation
Koha-Medientyp Bücher
Exemplare
Ausgeschieden Verloren Klassifikation oder Aufstellungssystematik Beschädigt Nicht entleihbar Permanenter Standort Aktueller Standort Aufstellungsort Erwerbungsdatum Lieferant Kodierter Standort-Qualifier Anzahl Ausleihen Signatur Letzte Aktivität Exemplarnummer Preis gültig von Medientyp
    Andere/Generische Klassifikation     Stadtarchiv Frankfurt (Oder) | Archivbibliothek Stadtarchiv Frankfurt (Oder) | Archivbibliothek Magazin 31/05/2022 Geschenk M   II:5035 31/05/2022 119/2021 31/05/2022 Bücher